Convenio colectivo sindical textil-lanero (Registro nro. 47177)

Detalles MARC
000 -LEADER
campo de control de longitud fija 00486nam a2200145 i 4500
001 - NÚMERO DE CONTROL
campo de control 47177
003 - IDENTIFICADOR DE NÚMERO DE CONTROL
campo de control ES-MaACL
005 - FECHA Y HORA DE LA ÚLTIMA TRANSACCIÓN
campo de control 20230906161521.0
007 - CAMPO FIJO DE DESCRIPCIÓN FÍSICA--INFORMACIÓN GENERAL
campo de control de longitud fija t|
008 - DATOS DE LONGITUD FIJA--INFORMACIÓN GENERAL
campo de control de longitud fija 030404s1962 sp ||||1| spa d
245 00 - MENCIÓN DEL TÍTULO
Título Convenio colectivo sindical textil-lanero
Resto del título : otorgado por las representaciones económicas y sociales de la provincia de Salamanca el 30 de abril de 1962.
260 ## - PUBLICACIÓN, DISTRIBUCIÓN, ETC.
Lugar de publicación, distribución, etc. [Salamanca] :
Nombre del editor, distribuidor, etc. s.n.,
Fecha de publicación, distribución, etc. 1962]
300 ## - DESCRIPCIÓN FÍSICA
Extensión 71 p. ;
Dimensiones 22 cm.
852 ## - LOCALIZACIÓN
Ubicación ES-MaACL
Número de control de estantería C-21621
Sublocalización o colección R.50343
Existencias
Estatus retirado Estado de pérdida Estado de daño No para préstamo Biblioteca de origen Biblioteca actual Ubicación en estantería Fecha de adquisición Fuente de adquisición Total de préstamos Signatura topográfica completa Código de barras Visto por última vez Precio de reemplazo Tipo de ítem Koha
        Biblioteca del Ateneo de Madrid Biblioteca del Ateneo de Madrid Galería 17/01/2008     C-21621 1049622 23/02/2023 23/02/2023 Libro impreso